Úvery bánk poskytnuté obyvateľstvu v období krízy bakalárska práca

Guardado en:
Detalles Bibliográficos
Autor principal: Huľová, Martina
Autor Corporativo: Podnikovohospodárska fakulta EU so sídlom v Košiciach. Katedra ekonómie
Otros Autores: Bačová, Monika
Formato: Libro
Lenguaje:eslovaco
Publicado: Košice 2014
Etiquetas: Agregar Etiqueta
Sin Etiquetas, Sea el primero en etiquetar este registro!

MARC

LEADER 00000nbm a2200000 4500
001 0189149
005 20240827093122.9
041 0 |a slo 
044 |a SK 
245 1 0 |a Úvery bánk poskytnuté obyvateľstvu v období krízy  |b bakalárska práca  |c Martina Huľová ; školiteľ: Monika Bačová 
264 1 |a Košice  |c 2014 
300 |a 65 s. 
100 1 |a Huľová, Martina 
700 1 |a Bačová, Monika 
710 2 |a Podnikovohospodárska fakulta EU so sídlom v Košiciach. Katedra ekonómie